| 000 | 01438nam0a22003131 4500 | ||
|---|---|---|---|
| 001 | rc\3416686 | ||
| 005 | 20130115140809.4 | ||
| 021 |
_aRU _b[73-40142] |
||
| 035 | _a(NLR Aleph) 007580330 | ||
| 090 |
_a5501439 _c5501439 |
||
| 100 | _a20130115d1973 |||y0rusy50 ca | ||
| 101 | 0 | _arus | |
| 102 | _aRU | ||
| 105 | _ay z ||||| | ||
| 200 | 1 |
_aРезервы роста производительности труда на шахтах Украины _e(Обзор) _fМ-во угольной пром-сти СССР. Центр. науч.-исслед. ин-т экономики и науч.-техн. информации угольной пром-сти |
|
| 210 |
_aМосква _cБ. и. _d1973 |
||
| 215 |
_a69 с. _d20 |
||
| 225 | 1 |
_aСерия "Экономика, организация и управление угольной промышленностью" _eРаботникам экон. служб |
|
| 300 | _aПеред загл. авт.: Цыбко С.А., Мормуль В.К., Жидченко В.Д., Малик В.П. | ||
| 606 |
_aУгледобыча _xПроизводительность труда _2psbo |
||
| 701 | 1 |
_aМормуль _bВ. К. |
|
| 701 | 1 |
_aЖидченко _bВ. Д. |
|
| 701 | 1 |
_aМалик _bВ. П. |
|
| 701 | 1 |
_aЦыбко _bС. А. _gСтепан Андреевич |
|
| 801 | 0 |
_aRU _bNLR _gpsbo |
|
| 801 | 1 |
_aRU _bELAR _2rusmarc |
|
| 852 |
_aNLR _j73-4/13714 |
||
| 942 | _cBOOK | ||
| 980 | _aNB | ||